| 000 | 01591nam a2200385 c 4500 | ||
|---|---|---|---|
| 003 | BLK | ||
| 005 | 20180420231450.0 | ||
| 008 | 180409b bul|||||r ||||||| ||bul|| | ||
| 010 | _aKNG00125947000 | ||
| 040 | _aBLK | ||
| 041 |
_aBUL _cBUL |
||
| 080 |
_aГеография на България _b913(497.2) _x(234.423)(036) _z913(497.2)(234.423)(036) |
||
| 080 |
_aГеография на България _b913(497.2) _x(497.2-21)(036) _z913(497.2)(497.2-21)(036) |
||
| 100 | 1 |
_aАндреев, Александър Харалампиев _eпърви автор _9296534 |
|
| 139 |
_aАндреев, Александър Харалампиев _bА 66 |
||
| 245 | 1 | 0 |
_aТодорини кукли и Вършец _bТурист. маршрути _cАлександър Харалампиев Андреев. |
| 257 | _aBGR | ||
| 260 |
_аСофия _bМедицина и физкултура _c1969 |
||
| 300 |
_a56 с. _bс ил., к. _c18 см |
||
| 380 | _a91 | ||
| 490 | 1 | _aМалка туристическа библиотека | |
| 650 | 4 |
_aГрадове - България _9243112 |
|
| 650 | 4 |
_aПланини - България _9261565 |
|
| 651 | 4 |
_aВършец _9178731 |
|
| 651 | 4 |
_aСтара планина _9249743 |
|
| 651 | 4 |
_aБългария _9241624 |
|
| 653 | _aВършец | ||
| 653 | _aСтара планина | ||
| 653 | _aТодорини кукли | ||
| 852 | _aЦб І 10798 | ||
| 856 | 4 |
_qpdf _u |
|
| 856 | 4 |
_qpdf _u |
|
| 942 |
_cKNG _n0 |
||
| 944 |
_aCR _c12.10.2011 _l12.10.2011 - от С1,Р / 12.10.2011 _kВиолета_Тройчева |
||
| 944 |
_aED _c15.12.2016 _l12.10.2011 - от С1,Р / 12.10.2011 _k |
||
| 999 |
_c120331 _d120331 |
||